Figure Out the Lyrics Quiz Stats

 Plays Quiz not verified by Sporcle

Challenge
Share
Tweet
Embed
Score 0/10 Timer 08:00
0 Plays Today
Lyric % Correct
Boyfriend
100%
Trouble when you walked in
4.8%
A grenade for ya
4.8%
Oppa Gangmam Style
4.8%
when we broke up the first time
0%
this is what I see
0%
house tonight
0%
room can see it
0%
Falls perfectly without you tryin
0%
lips could build a castle
0%

You're not logged in!

Compare scores with friends on all Sporcle quizzes.
OR
Log In

You Might Also Like...

Show Comments

Extras

Top Quizzes Today


Score Distribution

Your Account Isn't Verified!

In order to create a playlist on Sporcle, you need to verify the email address you used during registration. Go to your Sporcle Settings to finish the process.

Report this User

Report this user for behavior that violates our Community Guidelines.

Details: